|
|
|
|
| LEADER |
01128pam a22003258a 4500 |
| 001 |
00032796 |
| 005 |
20171026081023.0 |
| 008 |
141127s2014 ||||||viesd |
| 020 |
# |
# |
|c 96000
|a 9786047317615
|
| 041 |
0 |
# |
|a vie
|
| 082 |
1 |
4 |
|a 959.7
|b M458S
|
| 100 |
1 |
# |
|a Nguyễn, Văn Hiệp
|e Chủ biên
|
| 245 |
1 |
0 |
|a Một số chuyên đề lịch sử Việt Nam
|c Nguyễn Văn Hiệp (ch.b)
|n Tập 2
|
| 260 |
# |
# |
|a T.P. Hồ Chí Minh
|b Đại học Quốc gia T.P. Hồ Chí Minh
|c 2014
|
| 300 |
# |
# |
|a 399 tr.
|c 24 cm.
|
| 500 |
# |
# |
|a ĐTTS ghi: Trường Đại học Thủ Dầu Một
|
| 653 |
# |
# |
|a Chống Pháp
|
| 653 |
# |
# |
|a Chuyên đề
|
| 653 |
# |
# |
|a Giảng dạy
|
| 653 |
# |
# |
|a Văn hóa
|
| 653 |
# |
# |
|a Việt Nam
|
| 653 |
# |
# |
|a Phong kiến
|
| 653 |
# |
# |
|a Ngoại giao
|
| 653 |
# |
# |
|a Lịch sử
|
| 852 |
# |
# |
|j KD.0016344
|j KM.0017546
|j KM.0017545
|
| 852 |
# |
# |
|b Kho đọc
|j KD.0016344
|
| 852 |
# |
# |
|b Kho mượn
|j KM.0017545, KM.0017546
|
| 910 |
|
|
|d 27/11/2014
|
| 980 |
# |
# |
|a Trung tâm Học liệu Lê Vũ Hùng, Trường Đại học Đồng Tháp
|